| 000 | 00589nam a22001937a 4500 | ||
|---|---|---|---|
| 003 | NUST - PNEC | ||
| 005 | 20170116180759.0 | ||
| 008 | 150410b xxu||||| |||| 00| 0 eng d | ||
| 020 | _a- | ||
| 040 | _cLIBRARY | ||
| 082 | _a297 ABD | ||
| 100 |
_92348 _aHakim, Khalifa Abdul |
||
| 245 |
_aIslamic ideology; the fundamental beliefs and principles of Islam and their application to practical life. _cDr. Khalifa Abdul Hakim |
||
| 250 | _a- | ||
| 260 |
_aLahore _bInstitute of Islamic Culture _cc1998. |
||
| 300 |
_a341 p. : _c22 cm. |
||
| 650 |
_92350 _aISlam _xGeneral |
||
| 942 |
_2ddc _cBK |
||
| 999 |
_c62874 _d62874 |
||